Alumnado con trastorno del espectro autista
Uloženo v:
| Hlavní autoři: | , , , |
|---|---|
| Médium: | Kniha |
| Jazyk: | španělština |
| Vydáno: |
Barcelona
Graó
2011
|
| Vydání: | 1a. ed |
| Edice: | Escuela Inclusiva: Alumnos distintos pero no diferentes, 13
|
| Témata: | |
| Tagy: |
Přidat tag
Žádné tagy, Buďte první, kdo vytvoří štítek k tomuto záznamu!
|
MARC
| LEADER | 00000cam a2200000 a 4500 | ||
|---|---|---|---|
| 001 | UCG7694 | ||
| 003 | CL-VaPUC | ||
| 008 | 110905e20110100SP |||||||||||||||||spa|d | ||
| 020 | |a 9788478279920 | ||
| 082 | 0 | 4 | |a 371.71 |b HOR |2 21 |
| 100 | 0 | |a Hortal Espí, Carme |e author |9 558203 | |
| 700 | 0 | |a Bravo Altieri, Alicia |e author |9 558204 | |
| 700 | 0 | |a Mitjà Farrerós, Sara |e author |9 558205 | |
| 700 | 0 | |a Soler Prats, Josep M |e author |9 558206 | |
| 245 | 1 | 0 | |a Alumnado con trastorno del espectro autista |
| 250 | |a 1a. ed | ||
| 300 | |a 178 p | ||
| 942 | |c BK | ||
| 945 | |d 20110905 00:00:00 |a dcastane | ||
| 260 | |a Barcelona |b Graó |c 2011 | ||
| 650 | 0 | |a Integración escolar |9 312238 | |
| 650 | 0 | |a Educación especial |9 307486 | |
| 650 | 0 | |a Autismo |9 307911 | |
| 650 | 0 | |a Enfermedades crónicas |9 555570 | |
| 650 | 0 | |a Sistemas educacionales |9 324695 | |
| 583 | |a last modification |c 20110905 13:21:00 |k Rodrigo Vera | ||
| 490 | 0 | |a Escuela Inclusiva: Alumnos distintos pero no diferentes, 13 | |
| 999 | |c 345477 |d 345475 | ||
| 952 | |0 0 |1 0 |4 0 |6 371_710000000000000_HOR_2011 |7 0 |8 A |9 444245 |a BIBEDU |b BIBEDU |d 2019-11-22 |i 4789997 |l 2 |o 371.71 HOR 2011 |p 4789997 |r 2022-08-23 |s 2022-08-18 |w 2019-11-22 |y BK |k EPE | ||
| 952 | |0 0 |1 0 |3 erb |4 0 |6 371_710000000000000_HOR_2011 |7 0 |8 A |9 444246 |a BIBEDU |b BIBEDU |i 5373115 |l 1 |o 371.71 HOR 2011 |p 5373115 |r 2023-03-14 |s 2023-03-10 |w 2019-11-22 |y BK |z Catalogado en:20170422 |k EDI | ||
| 952 | |0 0 |1 0 |3 erb |4 0 |6 371_710000000000000_HOR_2011 |7 0 |8 A |9 444247 |a BIBEDU |b BIBEDU |i 5373123 |o 371.71 HOR 2011 |p 5373123 |r 2019-11-22 |w 2019-11-22 |y BK |z Catalogado en:20170422 |k EDI | ||